Stranger Things Characters - Picture Click Quiz - Statistics

General Stats
  • This quiz has been taken 1,199 times
  • The average score is 32 of 36
Answer Stats
Hint Extra Hint Answer % Correct
Eleven Click on the correct character
97%
Lucas Sinclair Click on the correct character
96%
Mike Wheeler Click on the correct character
96%
Dustin Henderson Click on the correct character
96%
Will Byers Click on the correct character
96%
Jim Hopper Click on the correct character
95%
Max Mayfield Click on the correct character
95%
Steve Harrington Click on the correct character
95%
Billy Hargrove Click on the correct character
94%
Nancy Wheeler Click on the correct character
94%
Jonathan Byers Click on the correct character
94%
Robin Buckley Click on the correct character
93%
Joyce Byers Click on the correct character
93%
Vecna Click on the correct character
92%
The Demogorgon Click on the correct character
92%
Murray Bauman Click on the correct character
91%
Erica Sinclair Click on the correct character
91%
Eddie Munson Click on the correct character
90%
Dr. Martin Brenner / Papa Click on the correct character
90%
Holly Wheeler Click on the correct character
89%
Karen Wheeler Click on the correct character
89%
Ted Wheeler Click on the correct character
87%
Eight Click on the correct character
87%
Dr. Sam Owens Click on the correct character
87%
Barbara Holland Click on the correct character
87%
Bob Newby Click on the correct character
86%
Suzie Bingham Click on the correct character
84%
Claudia Henderson Click on the correct character
83%
Chrissy Cunningham Click on the correct character
81%
Mr. Clarke Click on the correct character
81%
Dr. Alexei Click on the correct character
80%
Argyle Click on the correct character
78%
Jason Carver Click on the correct character
73%
Larry Kline Click on the correct character
72%
Grigori Click on the correct character
72%
Terry Ives Click on the correct character
62%
No matching quizzes found
Score Distribution
Percent of People with Each Score
Percentile by Number Answered
Your Score History
You have not taken this quiz